Brésil 1 - 7 Allemagne (CdM 2014) - Statistiques

Statistiques générales
  • Ce quiz a été pris 112 fois
    46 depuis la dernière actualisation
  • Le résultat moyen est 17 sur 30
Statistiques - réponses
Poste Club/Pays Réponse % Correct
Gardien de but FC Bayern München Manuel Neuer
94%
Latéral droit FC Bayern München Philipp Lahm
83%
Milieu offensif FC Bayern München Toni Kroos
77%
Défenseur central Paris Saint-Germain David Luiz
74%
Défenseur central FC Bayern München Jérôme Boateng
74%
Latéral gauche Real Madrid CF Marcelo
74%
Ailier droit FC Bayern München Thomas Müller
74%
Avant-centre SS Lazio Miroslav Klose
71%
Défenseur central Borussia Dortmund Mats Hummels
69%
Milieu offensif Chelsea FC Oscar
66%
Ailier droit FC Zenit Hulk
63%
Défenseur central FC Bayern München Dante
60%
Milieu central Manchester City Fernandinho
60%
Milieu central Real Madrid CF Sami Khedira
60%
Gardien de but Toronto FC Júlio César
57%
Ailier gauche Arsenal FC Mesut Özil
57%
Ailier gauche remplaçant (58') Chelsea FC André Schürrle
54%
Milieu central FC Bayern München Bastian Schweinsteiger
51%
Milieu central VfL Wolfsburg Luiz Gustavo
51%
Coach Allemagne Joachim Löw
49%
Ailier gauche remplaçant (69') Chelsea FC Willian
49%
Avant-centre Fluminense FC Fred
43%
Latéral droit AS Roma Maicon
40%
Latéral gauche FC Schalke 04 Benedikt Höwedes
37%
Défenseur central remplaçant (46') Arsenal FC Per Mertesacker
37%
Milieu central remplaçant (46') Chelsea FC Ramires
37%
Milieu central remplaçant (76') FC Schalke 04 Julian Draxler
31%
Coach Brésil Luiz Felipe Scolari
31%
Ailier gauche FC Shakhtar Donetsk Bernard
29%
Milieu central remplaçant (46') Tottenham Hotspur Paulinho
20%
Aucun quiz correspondant
Distribution des résultats
% des personnes avec chaque résultat
Percentile par nombre de réponses
Votre historique - résultats
Vous n’avez pas pris ce quiz depuis la dernière actualisation